Click-a-Pete Quiz Stats

 Plays Quiz Updated Jan 31, 2018

Also try: Click-a-Blue
Challenge
Share
Tweet
Embed
Score 0/20 Timer 03:00
8 Plays Today
% Correct
Peter Parker
93.7%
Saint Petersburg
92.7%
Peter Griffin
92.3%
Peter, Paul and Mary
92.3%
Peter the Great
89.1%
St. Peter
88.7%
Peter Principle
87.2%
Stinky Pete
84.7%
Peter Gabriel
82.6%
Peter Peter Pumpkin Eater
82.4%
% Correct
Pete's Dragon
81.6%
Peter Pettigrew
80.4%
Peter O'Toole
79.9%
Peter Rabbit
79.8%
Peter Pan
79.1%
Adrian Peterson
78%
Peter Jennings
76.1%
Peter and the Wolf
74.7%
Peter Falk
72.9%
Peter Boyle
61.1%

You're not logged in!

Compare scores with friends on all Sporcle quizzes.
OR
Log In

You Might Also Like...

Show Comments

Extras

Top Quizzes Today


Score Distribution

Your Account Isn't Verified!

In order to create a playlist on Sporcle, you need to verify the email address you used during registration. Go to your Sporcle Settings to finish the process.

Report this User

Report this user for behavior that violates our Community Guidelines.

Details: